Logo quiz Argentina - Statistics

General Stats
  • This quiz has been taken 24 times
  • The average score is 16 of 32
Answer Stats
Picture Answer % Correct
Arcor
91%
Quilmes
91%
Aerolineas Argentinas
73%
Banco Macro
64%
Coto
64%
Marolio
64%
Mercado Libre
64%
Cáfe Martínez
55%
Farmacity
55%
Frávega
55%
Grido
55%
Havanna
55%
La Serenisima
55%
Mostaza
55%
OCA
55%
Ualá
55%
Villavicencio
55%
YPF
55%
Banco Nación
45%
Cachafaz
45%
Felfort
45%
Flecha Bus
45%
Pelopincho
45%
Atalaya
36%
Correo Argentino
36%
Jorgito
36%
Ledesma
36%
Todomoda
36%
Guaymallén
27%
Bancor
18%
Loma Negra
18%
Palau
18%
No matching quizzes found
Score Distribution
Percent of People with Each Score
Percentile by Number Answered
Your Score History
You have not taken this quiz